000
00243nam a2200109Ia 4500
008
190216s9999||||xx |||||||||||||| ||und||
100
_a
Kireev V
245
0
_a
Physical Chemistry
260
_b
Mir Pubs Moscow
650
_a
Chemistry
942
_c
BK
999
_c
2104
_d
2104